000 00472nam a2200181Ia 4500
008 230524s9999 xx 000 0 und d
020 _a9789382332930
082 _a333.7
_bRAM
100 _aN.S. Raman
245 0 _aEnvironmental Impact Assessment
250 _a1
260 _aNew Delhi
_bI.K.International
_c2014
300 _a"XIII,215p;"
500 _aQuantity Number: 3
650 _aEnvironmental
700 _aA.R. Gajbhiye & S.R. Khandeshwar
942 _cBK
999 _c57925
_d57925